00462nam a2200157Ia 450000500170000000800410001708200130005810000150007124500510008626000250013730000110016265000150017394200060018895200950019499900150028920240610023922.0240331s9999 xx 000 0 und d bBASa351 aBastian, S 0aControl of state land :bthe devolution debate aColombo bICESc1995 a32 p., aDevolution cL 001040708LaWERCLbWERCLcSSCd2024-03-31l0o 351 BASp5081r2024-03-31w2024-03-31yL c2868d2868